25 largest cities by letter - A - Statistics

General Stats
  • This quiz has been taken 149 times
  • The average score is 15 of 25
Answer Stats
Country Population City % Correct
Algeria 1,977,663 Algiers
98%
Turkey 3,517,182 Ankara
98%
Egypt 3,811,516 Alexandria
97%
Ethiopia 2,757,729 Addis Ababa
93%
Jordan 1,275,857 Amman
92%
Paraguay 1,482,200 Asunción
91%
Ghana 1,963,264 Accra
90%
Australia 1,225,135 Adelaide
90%
Madagascar 1,391,433 Antananarivo
85%
Syria 1,602,264 Aleppo
84%
Ivory Coast 3,677,115 Abidjan
81%
Kazakhstan 2,000,900 Almaty
79%
India 3,719,710 Ahmedabad
76%
India 1,430,055 Agra
65%
United States 931,830 Austin
62%
Turkey 1,248,988 Adana
48%
Peru 841,130 Arequipa
35%
China 1,199,275 Anshan
24%
Nigeria 897,560 Aba
23%
India 1,092,450 Amritsar
21%
Iran 841,145 Ahvaz
17%
India 1,073,438 Allahabad
14%
India 1,016,441 Aurangabad
12%
Ivory Coast 900,000 Abobo
2%
Iraq 900,000 Abu Ghraib
2%
No matching quizzes found
Score Distribution
Percent of People with Each Score
Percentile by Number Answered
Your Score History
You have not taken this quiz